| 000 | 01809nam a2200373 i 4500 | ||
|---|---|---|---|
| 001 | 768714001 | ||
| 003 | CO-MdFUSB | ||
| 005 | 20240531062750.0 | ||
| 007 | cr aa aaaaa | ||
| 008 | 211212t2019 sp ||||g |||| 00| 0 spa d | ||
| 020 |
_a9788417131715 _qelectrónico |
||
| 040 |
_aCO-MdFUSB _bspa _cCO-MdFUSB _dCO-MdFUSBC _erda |
||
| 041 | _aspa | ||
| 082 |
_223 _a220.9 |
||
| 100 | 1 |
_aPagán, Samuel, _eautor |
|
| 245 |
_aHistoria del Israel bíblico _c/ Samuel Pagán _h[electrónico] |
||
| 264 | 1 |
_aViladecavalls, España : _bClie, _c[2019] |
|
| 264 | 4 | _c© 2019 | |
| 300 |
_a219 páginas _c; |
||
| 336 |
_2rdacontent _atexto _btxt |
||
| 337 |
_2rdamedia _ainformático _bc |
||
| 338 |
_2rdacarrier _aremoto _bcr |
||
| 504 | _aIncluye bibliografía. | ||
| 505 | _aAbreviaturas. -- Introducción necesaria. -- Narraciones históricas y teológicas. -- El mundo de la Biblia Hebrea. -- Prehistoria de Israel. -- Antepasados, patriarcas y matriarcas. -- Egipto: vida, cautiverio y liberación. -- Llegada a Canaán. -- Caudillos, héroes y heroínas. -- Profetas, sacerdotes y reyes. -- Los reinos del norte y del sur: Israel (931-722 a. C) y Judá (931-586 a. C). -- exilio (597, 586-539 a. C) y posexilio (539-333 a. C). -- período helenístico (333-63 a. C) -- imperio romano (63-4 a. C). | ||
| 506 | _aSolicitar clave y usuario para acceder al libro electrónico. | ||
| 506 | _aLibro multiusuario. | ||
| 630 | 7 |
_aBiblia. _pAntiguo Testamento _xHistoria y crítica |
|
| 650 | 7 |
_9385 _aReligión |
|
| 650 | 7 |
_aCristianismo _2 _922 |
|
| 856 |
_b2459561 _uhttp://search.ebscohost.com/login.aspx?direct=true&scope=site&db=nlebk&db=nlabk&AN=2459561 _zAbrir Versión electrónica del libro Historia del Israel bíblico |
||
| 942 | _cBK | ||
| 945 | _aJTF-925 | ||
| 999 |
_c67057 _d67057 |
||